=LDR 00000nam 2200000 4500 =001 INLIS000000000038810 =005 20130612144454 =008 ***********************************Ind** =035 ##$$0010-061300000038810 =041 ##$$a Ind =082 ##$$a 650.1 =090 ##$$a 650.1, Ali l =100 ##$$a Ali, Rachmadi =245 ##$$a 5 Jurus ledekan potensi bisnis/Rachmadi Ali =260 ##$$a 2011 $b Jakarta =300 ##$$a 126 hlm., ilus., 20 cm =650 ##$$a Sukses, Bisnis =850 ##$$a NBPNMAT